000 01169nam0a22003011 4500
001 rc\4299059
005 20220518151315.0
021 _aRU
_b[68-3366]
035 _a(NLR Aleph) 008500868
090 _a8108169
_c8108169
100 _a20130416d1967 |||y0rusy50 ca
101 0 _arus
102 _aRU
105 _aa z |||||
200 1 _aЗакон гомологических рядов в наследственной изменчивости
_aЛиннеевский вид как система
_fАН СССР. Отд-ние общей биологии
210 _aЛенинград
_cНаука. Ленингр. отд-ние
_d1967
215 _a92 с., 1 л. ил.
_cил.
_d21
320 _aБиблиогр.: с. 56-59 и с. 83-84
606 _aИзменчивость (биол.)
_2psbo
606 _aГомологических рядов закон
_2psbo
606 _aВид (биол.)
_2psbo
700 1 _aВавилов
_bН. И.
_f1887-1943
_gНиколай Иванович
_3RU\NLR\AUTH\7713208
_4070
801 0 _aRU
_bNLR
_gpsbo
801 1 _aRU
_bELAR
_2rusmarc
852 _aNLR
_j68-6/2037
942 _cBOOK
980 _aNB